| 000 | 01357cam a2200217 4500 | ||
|---|---|---|---|
| 001 | WB4001-29 | ||
| 008 | 031219n2003 000 0 eng u | ||
| 035 | _a(Sirsi) u124660 | ||
| 245 | _aRICS response to PPS7 consultation | ||
| 260 | _c2003 | ||
| 490 |
_aRICS Policy Unit Submission _v12 December 2003 (5) |
||
| 520 | _aRICS in its response supports the draft PPS7 on sustainable development in rural areas as a pragmatic continuation of PPG7, which recognises the specific needs of rural areas and follows the policy drive towards a more diverse rural economy, while seeking continued protection of the natural environment. Recommendations are made on the location of developments, business development and employment, housing, countryside protection, re-use of buildings in the countryside and local countryside designations. The consultation and draft PPS7 is available at http://www.odpm.gov.uk/stellent/groups/odpm_planning/documents/page/odpm_plan_024014.hcsp. http://www.rics.org/ricscms/bin/show?class=Policy&template=/includes/showpolicy.html&id=821&faculty=RICS | ||
| 590 | _aWB | ||
| 650 | _aPLANNING POLICY STATEMENT 7 (SUSTAINABLE DEVELOPMENT IN RURAL AREAS) | ||
| 650 | _aPPG7 | ||
| 650 | _aSUSTAINABLE DEVELOPMENT | ||
| 650 | _aRURAL AREAS | ||
| 650 | _aRURAL ECONOMY | ||
| 690 |
_aPlanning and development _96259 |
||
| 942 | _n0 | ||
| 999 |
_c73982 _d73982 |
||